000 01137njm a22002777a 4500
005 2010091601311.0
007 sd ammalaaahaa
008 100914t xxu||||| |||| 00| 0 eng d
028 _a33ESX. 14022
_bColumbia
035 _aGR-03035
100 _919854
_aMangeshkar, Lata
245 _aNazrana
_h[sound recording] :
_cby Lata Mangeshkar ; lyric by Rejender Krishnan ; music by Ravi
246 _aनजराना (लता मंगेशकर)
260 _aDum Dum, India
_bColumbia
_c1979
300 _a1 sound disc [Gramophone record] :
_banalog, 33 1/3 rpm
_c12 in. (LP)
_fGramophone record
500 _aBrief record.
500 _aHindusthan record
500 _aFilmi song
505 _aSide-1 बिखरके जुल्फें (Bikhrake zulfen)(Lata Mangeshkar) ; Side--2 हीरे इन्संकी (Haire insanki)(Mohd. Rafi)
650 _aClassical Music
_xExcerpts
_zIndia
_919855
_vFilmi song
700 _91184
_aRejender Krishnan
700 _919963
_aRavi
700 _920097
942 _2ddc
_cGR
999 _c46230
_d46230